| 000 | 00486nam a2200193Ia 4500 | ||
|---|---|---|---|
| 005 | 20241220030935.0 | ||
| 008 | 240331s9999 xx 000 0 und d | ||
| 020 | _a8185604819 | ||
| 082 |
_bLIN _26171 _a305 |
||
| 245 | 0 |
_aCulture, Power and Agency _bGender in Indian Ethnography |
|
| 260 |
_aKolkata _bSTREE _c2006 |
||
| 300 | _axxiv, 231 p., | ||
| 650 | _aCulture | ||
| 650 | _aGender | ||
| 650 | _aWomen | ||
| 700 |
_aFruzzetti, L _eedt |
||
| 700 |
_aTenhunen, S _eedt |
||
| 942 | _cL | ||
| 999 |
_c4479 _d4479 |
||